000 00391nam a2200133Ia 4500
008 211119s9999||||xx |||||||||||||| ||und||
082 _a894.8123
_bMEE-A
100 _aK R, Meera
245 0 _aAve Maria
260 _bCurrent Books
_aKottayam
_c2006
300 _a72p
650 _aMalayalam Literature
_vMalayalam FictionMalayalam NovelsShort StoriesGeneralia
_xGeneral Stack
942 _cBOOK
999 _c104869
_d104869